Statistics for Demographics of Adelaide - People born overseas by region

Click here to take the quiz!

General Stats

  • This quiz has been taken 116 times
  • The average score is 7 of 9

Answer Stats

Answer% Correct
China
97%
UK
97%
India
91%
New Zealand
87%
Italy
83%
Vietnam
83%
Germany
65%
Malaysia
50%
Afghanistan
24%

Score Distribution

Percentile by Number Answered

Percent of People with Each Score

Your Score History

You have not taken this quiz